El país donde florece el limonero : la historia de Italia y sus cítricos /

Gespeichert in:
Bibliographische Detailangaben
1. Verfasser: Attlee, Helena (autor)
Format: Buch
Sprache:Spanisch
Veröffentlicht: Barcelona, España : Acantilado, 2017, c2017
Ausgabe:1a edición, 1a reimpresión
Schriftenreihe:(El Acantilado ; 344)
Schlagworte:
Tags: Tag hinzufügen
Keine Tags, Fügen Sie das erste Tag hinzu!

MARC

LEADER 00000nam^a2200000^a^4500
001 000586082
005 20250521000000.0
009 20260310132743.205
020 |a 978-84-16748-40-2 
037 |a Acervo ITESO - Biblioteca 
041 |a ESP 
082 |a 641. 34304  |b ATT 
100 |a Attlee, Helena  |e (autor) 
245 1 3 |a El país donde florece el limonero :  |b la historia de Italia y sus cítricos /  |c H. Attlee ; tr. de María Belmonte Barrenechea. 
250 |a 1a edición, 1a reimpresión 
264 4 |a Barcelona, España :  |b Acantilado,  |c 2017, c2017 
300 |a 315 p. 
336 |a texto  |b txt  |2 rdacontenido 
337 |a sin mediación  |b n  |2 rdamedio 
338 |a volumen  |b nc  |2 rdasoporte 
440 4 |a (El Acantilado ;  |v 344) 
500 |a Traducción de: The Land Where the Lemon Grows: The Story of Italy and Its Citrus Fruit 
521 |a FIL 2016 DIA 
649 |a XX 
650 |a Libros de Viajes -  |z Italia 
650 |a Libros de Viajes Ingleses 
650 |a Ensayos Ingleses 
650 |a Literatura de Mujeres -  |z Inglaterra 
650 |a Literatura Inglesa -  |y Siglo XXI 
650 |a Cítricos -  |z Italia -  |x Aspectos Políticos 
650 |a Cítricos -  |z Italia -  |x Aspectos Sociales y Culturales 
650 |a Cítricos -  |z Italia -  |x Historia 
650 |a Cítricos -  |z Italia -  |x Tema Principal 
650 |a Frutas -  |x Italia 
650 |a Alimentos y Bebidas -  |z Italia 
650 |a Horticultura -  |z Italia 
650 |a Agricultura -  |z Italia 
650 |a Cocina Italiana -  |x Historia 
650 |a Gastronomía -  |z Italia -  |x Historia 
650 |a Historia Social -  |z Italia 
650 |a Política -  |z Italia -  |x Historia 
650 |a Italia en la Literatura 
650 |a Italia -  |x Historia 
910 |a Fondo General 
920 |a Impresos - Libros 
930 |a Colección General 
905 |a 101 
901 |a 0500413804  |b IT1  |c ACC  |i C156399  |u 20250521 
902 |a https://opac.biblio.iteso.mx/vufind/Record/000586082